000 00281nam a22001217a 4500
008 170905b xxu||||| |||| 00| 0 eng d
041 _aeng
080 _22 ED
_a070
100 _a40
101 _aMED
245 _aDK GUIDE TO PUBLIC SPEAKING
_cBROWN.L.A.F
942 _2udc
_cBK
999 _c26177
_d26177